000 00412 a2200157 4500
020 _a9695190448
082 _a909.09767120
090 _c5974
_d5974
100 _aNasr,Seyyed Hossein.
245 _aEncyclopaedia of Islamic Philosophy.
_cSeyyed Hossein Nasr.
250 _a1st
260 _aLahore.
_bSuhail Academy.
_c2002.
300 _a1211p.
500 _aHardcover.
942 _aNBS
_cBK
_k909.09767120 NAS
999 _c348363
_d348363